000 00665nam a22002177a 4500
003 DO-SdBNP
005 20260521073717.0
007 ta
008 201217b1900 dr 00| 0 engeng d
040 _aDO-SdBNP
_bspa
_cBNPHU
082 _aRD867.42
_bD542L
100 1 _aSang, Mu-Kien A.
_d1955-
_q(Mu-Kien Adriana)
_9331
245 _aLilís /
_cVirgil Díaz
260 _a[s. l.] :
_b[s. n.],
_c[19-?]
300 _a89 p. ;
_c22 cm.
590 _aInventariado, 2022 / DG
650 4 _aHeureaux, Ulises, 1845-1899
_xAnécdotas, chistes,sátiras, etc
_981865
650 4 _aRepública Dominicana
_xHistoria, 1865-1916
_981866
910 _aDG
942 _2ddc
_cLBS1
999 _c52042
_d52042